000 00306nam a2200121Ia 4500
005 20251222154351.0
008 251222s9999||||xx |||||||||||||| ||spa||
020 _a968-16-1481-X
082 _a330.09/S29
100 _a"Schumpeter, Joseph A."
245 0 _aHistoria del análisis económico I
942 _cLIB
999 _c34918
_d34918